Fundamentals of numerical computation: computer-oriented numerical analysis
Saved in:
| Main Authors: | , |
|---|---|
| Format: | Bog |
| Sprog: | engelsk |
| Udgivet: |
Viena
Springer-Verlag
1980
|
| Serier: | Computer Supplementum, 2
|
| Fag: | |
| Tags: |
Tilføj Tag
Ingen Tags, Vær først til at tagge denne postø!
|
MARC
| LEADER | 00000nam a2200000 a 4500 | ||
|---|---|---|---|
| 001 | UCP0324 | ||
| 003 | CL-VaPUC | ||
| 008 | 990305e19800000AU |||||||||||||||||eng|d | ||
| 082 | 0 | 4 | |a 519.4 |b ALE |2 21 |
| 100 | 0 | |a Alefeld, G |e author |9 425534 | |
| 700 | 0 | |a Grigorieff, R. D |e author |9 425535 | |
| 245 | 1 | 0 | |a Fundamentals of numerical computation: computer-oriented numerical analysis |
| 300 | |a 229 p | ||
| 942 | |c BK | ||
| 945 | |d 19990305 00:00:00 |a crobeson | ||
| 260 | |a Viena |b Springer-Verlag |c 1980 | ||
| 650 | 0 | |a Análisis numérico |9 259387 | |
| 650 | 0 | |a Proceso de datos |9 259776 | |
| 650 | 0 | |a Ecuaciones diferenciales |9 260083 | |
| 650 | 0 | |a Números reales |9 270334 | |
| 650 | 0 | |a Sistemas no lineales |9 362014 | |
| 650 | 0 | |a Programación de computadores |9 259531 | |
| 583 | |a last modification |c 19990305 00:00:00 |k Rodrigo Vera | ||
| 490 | 0 | |a Computer Supplementum, 2 | |
| 999 | |c 279149 |d 279147 | ||
| 952 | |0 0 |1 0 |4 0 |6 519_400000000000000_ALE_1980 |7 0 |8 A |9 318071 |a BIBGIM |b BIBGIM |d 2019-11-20 |i 1323954 |o 519.4 ALE 1980 |p 1323954 |r 2025-01-15 |w 2019-11-20 |y BK |k EST | ||